Rocket League General - Statistics

General Stats
  • This quiz has been taken 1,215 times
  • The average score is 10 of 27
Answer Stats
Hint Answer % Correct
The most used car Octane
100%
Highest rank Grand Champion
69%
The longest car Batmobile
66%
Lowest rank Bronze 1
57%
RL creator company Psyonix
54%
Black Market Decal Heatwave
52%
Black Market Decal 20xx
49%
Highest lvl rank Rocketeer
43%
Lowest lvl rank Rookie
43%
Black Market Decal Slipstream
39%
Most expensive item (limited) White hat
38%
Black Market Decal Hexed
37%
Black Market Decal Biomass
36%
Black Market Decal Laby
33%
Black Market Decal Tora
32%
Import body Dominus GT
31%
The Youtuber team name F2
31%
Training stadium name Beckwith Park
30%
Import body Octane ZSR
30%
Import body Breakout Type S
27%
Import body Road Hog XL
24%
Most expensive item (without limited,painted) White Zomba
23%
Black Market Decal Parralax
22%
Import body Takumi RXT
22%
Import body Xdevil Mk2
21%
Import wheel FSL
19%
Most expensive body (painted) White Endo
17%
No matching quizzes found
Score Distribution
Percent of People with Each Score
Percentile by Number Answered
Your Score History
You have not taken this quiz